[Event "Paris GCT 2018-Rapid"]
[Site "Paris"]
[Date "2018.06.21"]
[Round "6"]
[White "Kramnik, Vladimir"]
[Black "Karjakin, Sergey"]
[Result "0-1"]
[WhiteElo "2775"]
[BlackElo "2743"]
[Annotator "TA"]
[PlyCount "84"]
[EventDate "2018.06.21"]
[EventType "tourn"]
[EventCountry "FRA"]
[SourceTitle "playchess.com"]
[Source "ChessBase"]
[SourceQuality "1"]

{[%evp 18,84,13,-9,8,-14,11,-9,0,-22,-25,-56,-60,-57,-35,-36,-36,-37,-33,-34,-29,-30,-32,-26,-26,-47,-47,-65,-58,-55,-69,-76,-70,-79,-83,-75,-84,-158,-156,-159,-154,-166,-143,-187,-197,-201,-181,-183,-182,-178,-187,-208,-197,-748,-739,-802,-827,-810,-789,-755,-728,-29989,-29990,-29994,-29979,-29995,-29996,-29997,-29998]} 1. c4 Nf6 2. Nc3 e5 3. Nf3 Nc6 4. d3 d5 5. cxd5 Nxd5 6. e3 Be7 7. Be2 O-O 8. O-O Be6 9. a3 a5 {A28: English Opening: Four Knights Variation} 10. Bd2 {LiveBook: 8 Games} (10. Qc2 Qd7 11. Bd2 Rfd8 12. Na4 f6 13. Rfc1 Kh8 14. Nc5 Bxc5 15. Qxc5 a4 16. Be1 Nde7 17. Nd2 b6 18. Qc2 Bg4 19. Bf1 Be6 20. Be2 Bg4 21. Bf1 Be6 22. Be2 {½-½ (22) Zhou,J (2612)-Zhao,J (2634) China 2016}) 10... Kh8 11. Rc1 $146 ({Predecessor:} 11. Nxd5 Qxd5 12. Bc3 f6 13. Qc2 a4 14. d4 exd4 15. Nxd4 Nxd4 16. Bxd4 c5 17. Bc3 Bf5 {½-½ (17) Visser,D (2126)-Seidel,J (2010) Niederrhein 2003}) 11... Nxc3 {The position is equal.} 12. Rxc3 f6 13. Qa4 Nb4 14. e4 c5 15. Be3 b6 16. Nd2 Bd7 17. Qd1 Nc6 18. a4 Be6 19. Bg4 Bg8 20. Nc4 Bd6 21. g3 Bc7 22. Na3 Qe7 23. Nb5 Rad8 24. h4 Bb8 25. h5 Qe8 26. Kg2 Ne7 {[%cal Bc6e7,Be7f5,Bf5d4][%mdl 32]} 27. Qe2 (27. h6 $142 g6 28. Ra3) 27... f5 $17 28. exf5 Nxf5 29. Bg5 Nd4 30. Qd1 Nxb5 31. axb5 Rd4 32. Be3 Bd5+ ({Don't play} 32... Qxb5 33. Bxd4 exd4 34. Rc1 $15) 33. Kg1 Rb4 ({But not} 33... Qxb5 34. Bxd4 exd4 35. Rc1 $11) 34. h6 gxh6 ({Resist} 34... Rxb5 35. hxg7+ Kxg7 36. b3) 35. Bxh6 $2 {[#]} (35. Rc4) 35... Qg6 $1 $19 36. Bxf8 Rxg4 37. Qe1 Rh4 {[%csl Gd5][%cal Rh4h1,Bg4h4,Bh4h3,Bh3h2][%mdl 32]} 38. f3 Rh3 39. Kg2 Qh5 {Black mates.} 40. Qe3 Rh2+ 41. Kg1 Qh3 {[%cal Rh3g3]} 42. Bg7+ Kg8 {Precision: White = 24%, Black = 81%.} 0-1

[Event "Paris GCT 2018-Rapid"]
[Site "Paris"]
[Date "2018.06.21"]
[Round "6"]
[White "Mamedyarov, Shakhriyar"]
[Black "Caruana, Fabiano"]
[Result "1/2-1/2"]
[WhiteElo "2766"]
[BlackElo "2753"]
[Annotator "TA"]
[PlyCount "59"]
[EventDate "2018.06.21"]
[EventType "tourn"]
[EventCountry "FRA"]
[SourceTitle "playchess.com"]
[Source "ChessBase"]
[SourceQuality "1"]

{[%evp 24,59,28,6,40,16,20,23,43,29,29,0,0,0,0,0,0,-9,0,0,0,0,0,0,0,0,0,0,0,-2,0,0,0,0,0,0,0,0]} 1. d4 Nf6 2. c4 e6 3. Nc3 Bb4 4. Qc2 O-O 5. a3 Bxc3+ 6. Qxc3 d5 7. Nf3 dxc4 8. Qxc4 b6 9. Bg5 {E36: Nimzoindisch (4.Dc2)} Ba6 10. Qa4 Qd7 11. Qc2 c5 12. Bxf6 gxf6 13. Rd1 {[#] LiveBook: 4 Partien} Qe7 $146 ({Vorgänger:} 13... Rc8 14. Qd2 Qe7 15. h4 Nd7 16. Rh3 Kh8 17. Qh6 Rg8 18. h5 {½-½ (18) Riazantsev,A (2651)-Tomashevsky,E (2702) Palma de Mallorca 2017}) 14. g3 Bb7 15. Bg2 Rd8 16. O-O Nd7 17. Ng5 fxg5 {Die Stellung ist ausgeglichen.} 18. Bxb7 Rab8 19. Bg2 cxd4 20. Rxd4 {[#] Und Dc7 würde nun gewinnen.} Ne5 21. Rfd1 Rxd4 22. Rxd4 Rd8 23. Qd2 (23. Rxd8+ {keeps more tension.} Qxd8 24. Qc3 Qf6 25. Be4 Kg7 26. Kg2) 23... Rxd4 24. Qxd4 Qc7 25. h3 h6 26. f4 gxf4 27. gxf4 Ng6 28. e3 $1 Nh4 29. Be4 Nf5 30. Bxf5 {Precision: Weiß = 52%, Schwarz = 64%.} 1/2-1/2

[Event "Paris GCT 2018-Rapid"]
[Site "Paris"]
[Date "2018.06.22"]
[Round "7"]
[White "Grischuk, Alexander"]
[Black "Anand, Viswanathan"]
[Result "1/2-1/2"]
[WhiteElo "2783"]
[BlackElo "2822"]
[Annotator "TA RC"]
[PlyCount "104"]
[EventDate "2018.06.21"]
[EventType "tourn"]
[EventCountry "FRA"]
[SourceTitle "playchess.com"]
[Source "ChessBase"]
[SourceQuality "1"]

{[%evp 13,104,26,16,6,10,3,15,20,57,70,64,71,70,68,68,68,68,68,68,58,68,68,75,52,74,71,106,102,106,105,106,103,112,108,145,110,158,65,75,33,33,50,56,46,43,33,39,44,50,39,100,100,88,89,106,66,32,31,33,33,33,13,15,0,0,0,0,0,22,0,0,0,0,0,0,0,0,0,0,0,0,0,0,0,0,0,0,0,1,0,0,0,13]} 1. e4 e5 2. Nf3 Nc6 3. Bb5 Nf6 4. d3 Bc5 5. c3 O-O 6. O-O {C65: Ruy Lopez: Berlin Defence (3...Nf6), unusual lines and 4 0-0 Bc5} d5 (6... d6 7. h3 Bb6 8. Nbd2 Ne7 9. Re1 c6 10. Ba4 Ng6 11. Nf1 d5 12. Ng3 dxe4 13. Nxe4 Nxe4 14. dxe4 Be6 15. Bb3 {½-½ (29) Anand,V (2760)-Carlsen,M (2843) Stavanger 2018}) 7. exd5 Qxd5 {LiveBook: 20 Games. ...Bxf2+! is the strong threat.} 8. Qb3 $146 ({Predecessor:} 8. Bc4 Qd8 9. Nbd2 h6 10. b4 Bd6 11. Re1 a6 12. a4 Re8 13. Bb2 Bf5 {½-½ (30) Leko,P (2679)-Harikrishna,P (2733) Germany 2018}) 8... Qd6 9. Nbd2 Be6 10. Qc2 Rad8 11. b4 Bb6 12. Nc4 Qxd3 13. Qxd3 Rxd3 14. Nxb6 Rxf3 $1 15. gxf3 cxb6 16. Re1 Rc8 17. Bd2 Bd5 18. Re3 h6 19. Bf1 Rd8 20. Be1 Be6 21. b5 Ne7 22. Rxe5 Ng6 23. Re3 Nh7 24. Rd3 Rf8 25. Rd4 (25. f4 $16) 25... Ng5 $14 26. Be2 Nf4 $1 {[%cal Rf4e2]} 27. Bd1 {And now h4 would win.} Ngh3+ 28. Kf1 Rc8 29. Bc2 Bc4+ 30. Rxc4 $1 Rxc4 31. Rd1 {[%cal Rd1d8] [#]} g6 ({Better is} 31... Kf8 $14) 32. Rd8+ $16 Kg7 33. Bd2 Ne6 34. Rb8 Nhg5 35. Ke2 Nc5 36. Bb3 Rh4 37. Be3 Nge6 {The position is equal.} 38. Ra8 {[#] Threatens to win with Bxe6.} a6 39. bxa6 bxa6 40. Bxe6 fxe6 41. Bxc5 (41. Bd4+ {looks sharper.} Kf7 42. a4 Rh5 43. Bxc5 bxc5 44. Rxa6 Rxh2 45. a5) 41... bxc5 42. Rxa6 $11 {[%mdl 4096] Endgame KR-KR} Kf6 43. Ra5 Rxh2 44. Rxc5 Rh1 45. a4 Ra1 46. a5 g5 47. Ke3 Ra4 48. c4 Ra3+ 49. Ke4 Ra2 50. Ke3 Ra3+ 51. Ke4 Ra2 52. Ke3 Ra3+ {Precision: White = 66%, Black = 71%.} 1/2-1/2

[Event "Paris GCT 2018-Rapid"]
[Site "Paris"]
[Date "2018.06.22"]
[Round "7"]
[White "Vachier-Lagrave, Maxime"]
[Black "Mamedyarov, Shakhriyar"]
[Result "1-0"]
[WhiteElo "2777"]
[BlackElo "2766"]
[Annotator "TA"]
[PlyCount "65"]
[EventDate "2018.06.21"]
[EventType "tourn"]
[EventCountry "FRA"]
[SourceTitle "playchess.com"]
[Source "ChessBase"]
[SourceQuality "1"]

{[%evp 9,65,27,42,29,25,20,64,41,35,29,48,0,21,0,17,6,14,7,0,12,22,19,27,0,1,12,52,50,96,93,88,100,82,81,91,85,93,111,128,129,127,141,139,141,177,191,335,325,526,516,690,682,1287,1250,5273,3304,29988,29984]} 1. e4 e5 2. Nf3 Nc6 3. Bb5 {[%cal Bf1b5,Bb5a4,Ba4b3,Bb3d5][%mdl 32]} a6 4. Ba4 b5 5. Bb3 g6 {LiveBook: 9 Partien} 6. a4 {[#] Schwarz muss nun axb5 beachten. C70: Spanische Partie (Abweichung im 4. Zug)} b4 7. h4 $146 ({Vorgänger:} 7. d4 exd4 8. Nxd4 Na5 9. Bd5 c6 10. Ba2 Bg7 11. O-O Ne7 12. c3 Rb8 13. Bf4 {0-1 (48) Inarkiev,E (2693)-Van Foreest,J (2609) Germany 2018}) 7... d6 8. Ng5 {Und weiter mit Ld5 wäre nett.Weiß steht etwas besser.} Nh6 9. Bd5 Bd7 10. d4 Nxd4 11. c3 bxc3 (11... c6 {is more complex.} 12. Bxf7+ Nxf7 13. cxd4 Bg7 14. Nxf7 Kxf7 15. dxe5 Bxe5 16. Nd2 Re8) 12. bxc3 c6 13. Bxf7+ Nxf7 14. cxd4 Bg7 15. Nxf7 Kxf7 16. dxe5 Bxe5 17. Ra3 Rb8 18. Nd2 Be6 19. Nf3 Re8 20. Nxe5+ dxe5 21. Rd3 $36 {[%mdl 2048] Läuft bei Weiss.} Qe7 {[#] Droht stark ...Db4+.} 22. Ba3 c5 23. h5 {Und hxg6+ würde nun gewinnen.} g5 24. O-O Red8 {Droht ...Txd3.} 25. Rf3+ Kg8 26. Qc1 Rbc8 27. Bb2 Rd4 (27... Rf8 {ist eine bessere Verteidigung.}) 28. Bxd4 $18 exd4 $2 (28... cxd4 29. Qd2 Qd8) 29. Rg3 g4 30. f4 {[%cal Bf2f4,Bf4f5][%mdl 32]} Qh4 31. f5 Bf7 32. Qf4 Bxh5 33. Rh3 {Precision: Weiß = 81%, Schwarz = 29%.} 1-0

[Event "Paris GCT 2018-Rapid"]
[Site "Paris"]
[Date "2018.06.22"]
[Round "7"]
[White "So, Wesley"]
[Black "Nakamura, Hikaru"]
[Result "1/2-1/2"]
[WhiteElo "2763"]
[BlackElo "2813"]
[Annotator "TA"]
[PlyCount "44"]
[EventDate "2018.06.21"]
[EventType "tourn"]
[EventCountry "FRA"]
[SourceTitle "playchess.com"]
[Source "ChessBase"]
[SourceQuality "1"]

{[%evp 19,44,-30,-22,-21,-22,-20,-16,-16,-17,-31,-6,-20,-8,-8,0,0,0,0,8,8,8,8,4,0,0,0,2]} 1. Nf3 d5 2. d4 Nf6 3. e3 c5 4. dxc5 e6 5. a3 Bxc5 6. c4 O-O 7. Nc3 dxc4 8. Bxc4 Qxd1+ 9. Kxd1 a6 {D26: Queen's Gambit Accepted: 4 e3 e6 5 Bxc5 c5 sidelines} (9... b6 10. Ke2 Bb7 11. b4 Be7 12. Bb2 Nbd7 13. Rhd1 Rfc8 14. Bb5 Rc7 15. Rac1 Rac8 16. Nb1 a6 17. Rxc7 Rxc7 {0-1 (43) Dizdarevic,E (2499)-Zhigalko,A (2582) Istanbul 2012}) 10. b4 Be7 {LiveBook: 3 Games} 11. Ke2 b5 12. Bd3 Bb7 13. Bb2 Nbd7 {[%cal Bb8d7,Bd7b6,Bb6c4,Bc4d2][%mdl 32]} 14. Rhd1 Rfc8 $146 ({Predecessor:} 14... Rac8 15. Rac1 Nb6 16. Nb1 Na4 17. Bd4 {½-½ (57) Barrett,S (2226)-Berzinsh,R (2420) Coulsdon 2008}) 15. Rac1 {The position is equal.} Nb6 16. Nb1 Nfd5 17. Bd4 Nc4 18. Nfd2 {[%cal Rd2c4]} Nxd2 19. Nxd2 Rxc1 20. Rxc1 a5 21. Bxb5 {next e4 is good for White.} axb4 22. axb4 Bxb4 1/2-1/2

[Event "Paris GCT 2018-Rapid"]
[Site "Paris"]
[Date "2018.06.22"]
[Round "7"]
[White "Caruana, Fabiano"]
[Black "Kramnik, Vladimir"]
[Result "1-0"]
[WhiteElo "2753"]
[BlackElo "2775"]
[Annotator "TA"]
[PlyCount "91"]
[EventDate "2018.06.21"]
[EventType "tourn"]
[EventCountry "FRA"]
[SourceTitle "playchess.com"]
[Source "ChessBase"]
[SourceQuality "1"]

{[%evp 14,91,16,0,15,11,24,11,15,16,14,0,12,0,6,0,4,10,6,0,0,-11,63,38,32,54,87,93,161,158,155,154,172,160,158,153,164,130,197,0,107,70,139,133,109,72,170,160,154,134,189,180,447,130,156,67,82,-25,-17,-101,-107,-349,95,83,83,93,348,160,1069,1065,1033,1020,985,981,29983,29984,29984,29985,29985,29986]} 1. e4 e5 2. Nf3 Nc6 3. Bb5 Nf6 4. d3 Bc5 5. Nbd2 Nd4 6. Nxd4 {C65: Ruy Lopez: Berlin Defence (3...Nf6), unusual lines and 4 0-0 Bc5} Bxd4 7. c3 Bb6 8. d4 {LiveBook: 3 Games. The position is equal.} c6 $146 ({Predecessor:} 8... exd4 9. e5 Nd5 10. cxd4 O-O 11. O-O d6 12. Ne4 Bf5 {½-½ (23) Anand,V (2782)-Fedoseev,V (2718) Riadh 2017}) 9. dxe5 {And now Be2 would win.} cxb5 10. exf6 Qxf6 {[%csl Gb6][%cal Rf6f2]} 11. O-O O-O 12. a4 bxa4 13. Nc4 {[%cal Bd2c4,Bc4e3,Be3d5,Bd5b6][%mdl 32]} Bc7 14. Ne3 b5 15. Nd5 Qd8 $1 16. Qg4 Be5 17. f4 Bb8 (17... Bd6 $11) 18. Be3 $14 {[%mdl 1024] aiming for Bd4. White has compensation.} Bb7 $1 19. Rad1 $40 {[%mdl 128] White has some attack.} a5 20. Nb6 $1 h5 (20... Qe8 $16) 21. Qe2 $18 (21. Qxh5 Ba7 $11) (21. Qxd7 $6 Qxd7 22. Rxd7 Bc6 $11) 21... Qe7 22. e5 ({Don't do} 22. Rxd7 $6 Qxe4 23. Nxa8 Bxa8 $14) 22... d6 23. Nxa8 Bxa8 24. Qxb5 {Rfe1 is the strong threat.} dxe5 25. f5 {[%cal Bf4f5,Bf5f6][%mdl 32]} Qh4 (25... a3 $16) 26. Qe2 $2 ({Resist} 26. Qxa5 e4 $16) (26. f6 $1 $18) 26... Bc6 (26... e4 $1 $11 {remains equal.} 27. g3 Bxg3) 27. Qf2 Qc4 (27... Qf6 $14) 28. f6 $16 g6 29. Qg3 Bc7 (29... Qg4 $16) 30. h3 $1 $18 Rb8 31. Rd2 Qe6 (31... a3 $16 32. bxa3 Qb3) 32. Qg5 {Black must now prevent Qh6.} Qe8 $2 (32... Bd6 33. Rfd1 (33. Qh6 Bf8 $14) 33... Bc7) 33. Re1 $2 (33. g4 $18 Bb5 34. c4 Bxc4 35. Qh6 $1 {[%mdl 512]}) 33... Qf8 {[#]} 34. Bf2 (34. g4 $1 $16) 34... Kh7 $14 35. Kh2 (35. Red1 $16) 35... e4+ $11 36. Bg3 (36. Kg1 $11) 36... Rb5 $17 37. Qh4 $2 (37. Qe3 $17 {was the only defense.} Bb6 38. Qf4) 37... Qb8 $2 (37... Qh6 $19 38. Bxc7 Qxd2) 38. Bxc7 $16 Qxc7+ 39. Qg3 Qb7 $2 {[%mdl 8192]} (39... Qxg3+ $16 40. Kxg3 Rc5) 40. Qd6 (40. Rd8 $18 {is the precise move to win.} Rd5 41. Rf8) 40... Rf5 $2 (40... Qb8 $16) 41. Qf8 $18 {[%csl Gf6][%cal Rf8g7]} Qc7+ 42. Kh1 {[%csl Gf6][%cal Rf8g7]} Rxf6 43. Rd8 {[%csl Gd8][%cal Rf8h8]} g5 44. Qh8+ {White mates.} Kg6 45. Rg8+ Kf5 46. Rf1+ {Precision: White = 35%, Black = 35%.} 1-0

[Event "Paris GCT 2018-Rapid"]
[Site "Paris"]
[Date "2018.06.22"]
[Round "7"]
[White "Karjakin, Sergey"]
[Black "Aronian, Levon"]
[Result "1/2-1/2"]
[WhiteElo "2743"]
[BlackElo "2795"]
[Annotator "TA"]
[PlyCount "119"]
[EventDate "2018.06.21"]
[EventType "tourn"]
[EventCountry "FRA"]
[SourceTitle "playchess.com"]
[Source "ChessBase"]
[SourceQuality "1"]

{[%evp 36,119,25,20,36,37,35,17,25,26,26,4,34,30,20,8,47,6,6,0,8,10,4,-6,-6,-9,-11,-10,-6,-6,0,0,0,0,8,0,8,-8,0,-13,-11,-12,7,7,7,7,8,8,8,0,8,8,8,8,8,8,8,8,8,4,12,12,27,27,27,27,27,27,27,8,8,8,8,8,8,0,8,0,0,0,22,22,22,22,22,8]} 1. e4 e5 2. Nf3 Nc6 3. Bb5 a6 4. Ba4 Nf6 5. O-O Be7 6. Re1 b5 7. Bb3 O-O 8. c3 d5 9. exd5 Nxd5 10. Nxe5 Nxe5 11. Rxe5 c6 12. d3 Bd6 13. Re1 Bf5 14. Qf3 Qh4 {C89: Closed Ruy Lopez: Marshall Attack} 15. g3 Qh3 16. Be3 Bxd3 17. Nd2 Qf5 18. Bd4 Rfe8 19. a4 {LiveBook: 15 Games} h6 20. Kg2 Qxf3+ 21. Nxf3 Rac8 {[#]} 22. Kg1 $146 ({Predecessor:} 22. axb5 axb5 {½-½ (43) Vachier Lagrave,M (2796)-Aronian,L (2785) Sharjah 2017}) 22... Rxe1+ 23. Rxe1 (23. Nxe1 {feels hotter.} Bg6 24. axb5 axb5 25. Bxd5 cxd5 26. Ng2) 23... Bg6 24. axb5 axb5 25. h4 f6 26. Ra1 Bf7 27. Ra7 Bf8 28. Nd2 Rc7 29. Kf1 c5 30. Rxc7 Nxc7 31. Bxf7+ Kxf7 $11 {[%mdl 4096] Endgame KBN-KBN} 32. Be3 Ke6 33. Ke2 Kd5 34. h5 c4 35. g4 Ne6 36. f3 Bd6 37. Ne4 Be5 38. Kd2 Nf4 39. Ng3 Ne6 40. Nf5 Bd6 41. Kc2 b4 42. b3 {[#] bxc4+ is the strong threat.} cxb3+ 43. Kxb3 bxc3 44. Kxc3 Bf8 45. Kd3 Ng5 46. Ke2 Ne6 47. f4 Nd8 48. Kf3 Nc6 49. Bb6 Ne7 50. Ne3+ Kc6 51. Bd4 Nc8 52. g5 fxg5 {The position is equal.} 53. fxg5 hxg5 54. Kg4 Kd7 55. Kxg5 {Threatens to win with Nf5.} Ke6 56. Kg6 {[#] And now Nf5 would win.} Ne7+ 57. Kh7 g6 58. hxg6 Nxg6 59. Kxg6 Bd6 60. Be5 {Precision: White = 53%, Black = 59%.} 1/2-1/2

[Event "Paris GCT 2018-Rapid"]
[Site "Paris"]
[Date "2018.06.22"]
[Round "8"]
[White "Anand, Viswanathan"]
[Black "Nakamura, Hikaru"]
[Result "0-1"]
[WhiteElo "2822"]
[BlackElo "2813"]
[Annotator "TA"]
[PlyCount "114"]
[EventDate "2018.06.21"]
[EventType "tourn"]
[EventCountry "FRA"]
[SourceTitle "playchess.com"]
[Source "ChessBase"]
[SourceQuality "1"]

{[%evp 19,114,17,35,-2,5,5,0,0,20,22,28,26,25,0,37,32,29,4,39,33,17,18,31,44,60,24,52,25,46,26,14,0,78,87,78,79,66,44,39,0,0,0,0,0,0,0,8,0,0,0,0,0,79,84,152,147,135,127,69,16,10,21,18,23,16,0,0,0,0,0,177,0,262,-40,-47,-115,-100,-100,-84,-246,0,-246,-224,-329,-275,-660,-660,-660,-660,-954,-941,-29975,-29974,-2786,-1179,-1121,-1102]} 1. e4 d6 2. d4 g6 3. Nf3 Bg7 4. Bc4 Nf6 5. Qe2 O-O 6. O-O Bg4 7. c3 {B06: Moderne Verteidigung} Nc6 8. h3 Bxf3 9. Qxf3 e5 10. d5 (10. Rd1 Nd7 11. Be3 Qe7 12. Na3 Nb6 13. Bb5 f5 14. Bxc6 bxc6 15. exf5 e4 16. f6 Rxf6 {0-1 (61) Bacrot,E (2718)-Ponomariov,R (2714) Beijing 2014}) 10... Ne7 {LiveBook: 4 Partien} 11. Bd3 Nd7 12. c4 f5 13. Qd1 $146 ({Vorgänger:} 13. Nc3 fxe4 14. Qxe4 Nc5 {½-½ (37) Nightingale,D (2506)-Alonso Gonzalez,C (2497) ICCF email 2009}) 13... c6 14. Nc3 cxd5 15. cxd5 Kh8 16. Be3 Ng8 17. Rc1 a6 18. Rc2 Bh6 19. Bxh6 Nxh6 20. Qd2 f4 21. Rfc1 Ng8 22. f3 Ngf6 23. Nd1 a5 24. Nf2 Nc5 25. Bb5 Qb6 (25... a4 $1 $11 {hält das Gleichgewicht.}) 26. Rxc5 $1 $16 dxc5 27. a4 $1 c4 28. Qc3 Qd6 $1 29. Qxc4 Rac8 $36 {[%mdl 2048] Schwarz hat Druck.} 30. Qxc8 Rxc8 31. Rxc8+ Kg7 32. Nd3 Nh5 33. Kf1 Qb6 {Und ...De3 würde nun gewinnen.} 34. Nc5 Kh6 35. Ke1 Ng3 (35... Kg5 $11 {bleibt in der Remisbreite.}) 36. Kd1 $1 Kh5 (36... Nh1 $142) 37. Kc2 Kh4 38. Kb1 Nh5 39. Ka2 (39. Nb3 $14) 39... Kg3 $11 40. Nd3 Qd4 41. Rc2 Nf6 42. Nc5 Qd1 43. Kb3 g5 44. Nd3 Nd7 $2 (44... h5 $11) 45. Kc3 $2 (45. d6 $1 $18) 45... Nb6 $2 {[%mdl 8192]} (45... Qg1 $1 $11 {und Schwarz muss sich keine Sorgen machen.}) 46. Nxe5 $2 (46. d6 $18) 46... Qe1+ $15 47. Kb3 {[#]} ({Günstiger ist} 47. Rd2 $1 $15 Nxd5+ 48. exd5 Qxe5+ 49. Kb3) 47... Qb4+ $1 $17 48. Ka2 Nxa4 49. Bxa4 $2 (49. Be8 $17) 49... Qxa4+ {[%mdl 4096] Endspiel KD-KTS} 50. Kb1 {Droht d6 und aus.} Qd4 {[%mdl 1024] Schwarz hat starke Kompensation.} 51. Nc4 (51. Nc6 {war erzwungen.} Qd1+ 52. Rc1 Qd3+ 53. Rc2) 51... a4 $19 52. d6 $2 {[#]} (52. Rd2 Qxc4 53. d6) 52... Qd1+ $1 53. Rc1 Qd3+ 54. Rc2 {beabsichtigt e5.} b5 55. Nd2 b4 56. Kc1 b3 (56... Qe2 $142 57. Rc6 b3 58. Kb1 a3 59. bxa3 Qxd2 60. d7 Qa2+ 61. Kc1 b2+ 62. Kd1 b1=Q+ 63. Rc1 Qac2+ 64. Ke1 Qbxc1#) 57. Rc3 Qxd6 {Precision: Weiß = 40%, Schwarz = 66%.} 0-1

[Event "Paris GCT 2018-Rapid"]
[Site "Paris"]
[Date "2018.06.22"]
[Round "8"]
[White "Aronian, Levon"]
[Black "Caruana, Fabiano"]
[Result "0-1"]
[WhiteElo "2795"]
[BlackElo "2753"]
[Annotator "TA"]
[PlyCount "128"]
[EventDate "2018.06.21"]
[EventType "tourn"]
[EventCountry "FRA"]
[SourceTitle "playchess.com"]
[Source "ChessBase"]
[SourceQuality "1"]

{[%evp 14,128,8,0,0,0,0,0,0,0,0,-2,-26,0,0,0,0,0,0,0,0,-9,-14,-10,-12,-12,22,10,11,17,36,18,27,0,37,29,45,28,63,20,45,17,30,27,57,60,60,18,17,0,20,0,0,0,0,0,0,-189,-185,-166,-185,-179,-181,-237,-243,-277,-256,-262,-254,-259,-257,-265,-264,-271,-268,-311,-308,-501,-543,-535,-531,-464,-480,-559,-458,-615,-574,-562,-518,-512,-506,-29961,-29962,-29959,-29963,-29962,-29962,-29962,-29965,-29965,-29965,-29966,-29965,-29962,-29965,-29970,-29972,-29971,-29972,-29972,-29973,-29971,-29973,-29972,-29973,-29976,-29977]} 1. e4 e5 2. Bc4 Nf6 3. d3 c6 4. Nf3 d5 5. Bb3 Bb4+ 6. Bd2 Bxd2+ 7. Nbxd2 a5 {C24: Läuferspiel} 8. a3 {LiveBook: 4 Partien} (8. c3 Nbd7 9. exd5 cxd5 10. O-O O-O 11. Re1 Re8 12. Nf1 b5 13. a4 b4 14. cxb4 axb4 15. Ne3 {1-0 (77) Carlsen,M (2843)-Caruana,F (2822) Stavanger 2018}) 8... Nbd7 (8... a4 $5 9. Ba2 $8 Bg4 $11) 9. O-O a4 {Die Stellung ist ausgeglichen.} 10. Ba2 O-O 11. Re1 Re8 12. d4 exd4 {[%cal Rf6e4]} 13. exd5 Rxe1+ 14. Qxe1 cxd5 {[#]} 15. Rb1 $146 ({Vorgänger:} 15. Nb1) 15... Qb6 16. Nf1 Nf8 17. Qd1 Ne6 18. Ng3 Bd7 19. Ne2 Re8 20. Nfxd4 h6 21. c3 Nc5 22. Qc2 Qd6 23. f3 g6 24. Rd1 Kg7 25. Qc1 b6 26. Bb1 Re5 27. Bc2 Ne8 28. Ng3 Qf6 29. f4 Re7 30. Rf1 Ne4 31. Bxe4 dxe4 32. Qe3 Qd6 $1 33. f5 ({Falsch wäre} 33. Nxe4 $2 Qd5 $19) 33... Nf6 {[%cal Be8f6,Bf6g4,Bg4e3][%mdl 32]} 34. fxg6 fxg6 35. Nge2 $2 {[#]} (35. h3 $11 {und Weiss ist OK.}) 35... Qxh2+ $1 $19 36. Kxh2 Ng4+ 37. Kg1 {Weiss droht Df4 und Matt.} Nxe3 38. Re1 (38. Rb1 $142) 38... Nc4 39. Nf4 Re5 (39... Nxb2 40. Nd5 $17) 40. b3 axb3 ({Finger weg von} 40... Nxa3 41. Ra1 $17) 41. Nxb3 g5 42. Ne2 e3 43. Ned4 Nxa3 44. Ra1 Nb5 45. c4 $2 (45. Rc1 {war nötig.}) 45... Nxd4 46. Nxd4 {[%mdl 4096] Endspiel KTL-KTS} Re4 47. Nc2 {Weiss hofft, mit Ta7 fortzusetzen.} Be6 48. Ra7+ Kf6 49. Rb7 e2 50. Kf2 Bxc4 51. Rxb6+ Kf5 52. Rxh6 {[#]} (52. Ke1 $19 Kg4 53. Rxh6) 52... e1=Q+ $1 {[%mdl 512] Schwarz setzt Matt.} 53. Nxe1 Re2+ 54. Kf3 {[#]} g4+ $1 ({Schwächer ist} 54... Rxe1 55. g4+ Ke5 56. Rg6 $15) 55. Kg3 Rxe1 {KTL-KT} 56. Rh5+ Kg6 57. Rc5 Re4 58. Ra5 Be6 59. Ra3 Kg5 60. Ra5+ Bf5 61. Ra8 Re3+ 62. Kf2 Rb3 63. g3 Rb2+ 64. Kg1 Rg2+ {Precision: Weiß = 42%, Schwarz = 73%.} 0-1

[Event "Paris GCT 2018-Rapid"]
[Site "Paris"]
[Date "2018.06.22"]
[Round "8"]
[White "Kramnik, Vladimir"]
[Black "Vachier-Lagrave, Maxime"]
[Result "1/2-1/2"]
[WhiteElo "2775"]
[BlackElo "2777"]
[Annotator "TA"]
[PlyCount "117"]
[EventDate "2018.06.21"]
[EventType "tourn"]
[EventCountry "FRA"]
[SourceTitle "playchess.com"]
[Source "ChessBase"]
[SourceQuality "1"]

{[%evp 15,117,14,36,19,24,25,22,12,19,7,22,20,52,2,0,0,0,0,33,12,7,7,10,6,6,6,6,6,6,6,6,10,7,0,0,0,0,0,0,0,0,0,0,0,0,0,0,0,6,0,0,0,8,0,5,0,0,7,8,8,7,0,2,0,0,0,0,0,0,0,0,0,0,0,0,0,0,0,0,0,0,0,0,0,0,0,0,0,0,0,0,0,0,0,0,0,0,0,0,0,0,0,0,0]} 1. d4 Nf6 2. Nf3 g6 3. e3 Bg7 4. Be2 O-O 5. O-O d6 6. b3 e5 {A48: 1 d4 Nf6 2 Nf3 g6: Torre, London and Colle Systems} 7. dxe5 Ng4 8. Bb2 Nc6 {[%cal Rg4e5] LiveBook: 6 Games} 9. Nc3 (9. c4 Ngxe5 10. Qd2 Nxf3+ 11. Bxf3 Ne5 12. Be2 Re8 13. Nc3 Bd7 14. Rad1 Bc6 15. Nd5 a5 16. Rfe1 b6 17. f4 Bxd5 18. cxd5 {1-0 (37) Nakamura,H (2791)-Vachier Lagrave,M (2819) chess.com INT 2016}) 9... Ngxe5 10. Qd2 Re8 11. Rad1 Nxf3+ 12. Bxf3 Ne5 13. Be2 Be6 $146 ({Predecessor:} 13... Bd7 14. Qc1 Bc6 15. Nd5 Bxd5 16. Rxd5 {½-½ (60) Kholmov,R-Szekely,P Kecskemet 1975}) 14. Nb5 a6 15. Nd4 Bd7 16. c4 b5 17. Ba1 {[%cal Rc4b5]} bxc4 {The position is equal.} 18. bxc4 Rb8 19. c5 dxc5 20. Nb3 {[#] Black must now prevent Bxe5.} Bb5 21. Nxc5 Qxd2 22. Rxd2 Red8 23. Rc2 Rb6 24. Bxe5 Bxe5 25. g3 Rc6 {[#] And now ...Bxe2 would win.} 26. Rfc1 Bxe2 27. Rxe2 Bd6 (27... Rd5 $5 28. Rec2 $8 Rb6 $11) 28. Rd2 Be7 29. Rxd8+ Bxd8 $11 {[%mdl 4096] Endgame KRB-KRN} 30. Kf1 f5 31. Ke2 Kf7 32. Kd3 Rd6+ 33. Ke2 {Nb7 is the strong threat.} Rc6 34. f3 Be7 35. Nb3 Rxc1 36. Nxc1 {KB-KN} Ke6 37. Kd3 Kd5 38. Nb3 Bb4 39. e4+ fxe4+ 40. fxe4+ Ke5 41. Nd4 {Strongly threatening Nc6+.} Bc5 42. Nf3+ Kd6 43. Ng5 Bg1 44. Nf3 Bb6 45. Kc4 h5 46. Kb4 Ke6 47. a4 Bf2 48. Kc4 Bb6 49. h3 Bf2 50. g4 hxg4 51. hxg4 Kd6 52. Kb4 Ke6 53. Kc3 Bc5 54. Kd3 Bf2 55. Ke2 Bc5 56. Kd3 Bf2 57. Kc4 Kd6 58. Kb4 Ke6 59. Kc4 {Precision: White = 65%, Black = 88%.} 1/2-1/2